Statistics for Most Played Songs Live - Guns 'n' Roses

Click here to take the quiz!

General Stats

  • This quiz has been taken 329 times
  • The average score is 10 of 15

Answer Stats

Times Played Song % Correct
607Sweet Child O' Mine
95%
660Welcome to the Jungle
94%
507November Rain
92%
615Paradise City
90%
627Mr. Brownstone
72%
509Patience
70%
498Nightrain
69%
608Knockin' on Heaven's Door (Bob Dylan Cover)
68%
305Don't Cry
68%
382Rocket Queen
59%
494You Could Be Mine
58%
567It's So Easy
56%
512Live and Let Die (Wings Cover)
56%
303Better
16%
301Street Of Dreams
3%

Score Distribution

Percentile by Number Answered

Percent of People with Each Score

Your Score History

You have not taken this quiz